000 00319nam a2200121Ia 4500
008 191201s2007 xx 000 0 und d
100 _aPRESTON, David Lawrence
245 0 _a365 Steps to Self Confidence
260 _aNew Delhi
_bJaico Publication House
_c2007
300 _a224
650 _aB.Tech(IT)
942 _2ddc
_cBK
999 _c3252
_d3252